000
00333 a2200145 4500
001
153181
040
_c
Escola São Tomás de Aquino
240
1
0
_a
Getúlio Vargas
_l
por
245
1
0
_a
Getúlio Vargas
300
_a
575
362
0
_a
1995
440
1
_a
Fundação Getúlio Vargas
697
_a
LITERATURA BRASILEIRA
942
_c
BK
999
_c
153181
_d
153181